| 000 | 00532nam a2200181 a 4500 | ||
|---|---|---|---|
| 001 | 2072 | ||
| 005 | 20140414131925.0 | ||
| 008 | 001109s19uu xx 00 eng d | ||
| 020 | _a1-883366-13-5 | ||
| 050 |
_aER _bW14 1993 |
||
| 100 | _aHandford, Martin | ||
| 245 |
_aWaldo in Dinoland / _cMartin Handford : illustration and Story text, Where's Waldo. |
||
| 260 |
_aPleasanton, CA : _bYes Entertainment, _c1993. |
||
| 300 | _a16 p. : ill. ; cm. | ||
| 650 |
_aDinosaur _xLand. |
||
| 650 |
_aDinosaur _xStories. |
||
| 999 |
_c111972 _d111972 |
||